000 01043nam a22002297a 4500
005 20250325142002.0
008 250325b |||||||| |||| 00| 0 eng d
020 _a81-87418-32-X (hbk)
037 _cTB
040 _aCRL
_cCRL
041 _2hin
_ahin
_hsan
084 _aR6 152P1
_qCRL
100 _aवेदालंकार, जयदेव
245 _aभारतीय दर्शन:
_bतत्व और ज्ञान मीमांसा के मौलिक सम्प्रत्यय
260 _aदिल्ली, भारत:
_bन्यू भारतीय बुक कॉर्पोरेशन
_c2001
300 _a676 पृ0
365 _b800.00
_cINR
546 _aTranslated from Sanskrit to Hindi
650 _aदर्शन शास्त्र
942 _2CC
_cTB
_hR6 152P1
_n0
999 _c1269250
_d1269250